000 00597nam a22001937a 4500
999 _c15765
_d15765
003 AR-CdUCM
008 190320b ||||| |||| 00| 0 spa d
040 _aMUNICIPALIDAD PROVINCIAL DEL CUSCO
_cBIBLIOTECA MUNICIPAL DEL CUSCO
082 _aPI / 803 /
_bF23
100 _aFarfán Villa, Delfin..
_934968
245 _aUnquykuna qarquqmasiy /
260 _aApurimaq :
_bCimagraf,
_c2009.
300 _a11 páginas ;
_c21 cm.
650 _aSierra peruana.
_91062
650 _aCiencia naturales.
_934956
650 _aIdioma quechua.
_927790
942 _2ddc
_cLIBROS
945 _arum
_d2019-04-29